Where will all the waste go? (Record no. 117248)

MARC details
000 -LEADER
fixed length control field 01321cam a2200241 4500
001 - CONTROL NUMBER
control field ABS67781
008 - FIXED-LENGTH DATA ELEMENTS--GENERAL INFORMATION
fixed length control field 040426n2004 000 0 eng u
035 ## - SYSTEM CONTROL NUMBER
System control number (Sirsi) u126005
100 ## - MAIN ENTRY--PERSONAL NAME
Personal name Dewar, D.
245 ## - TITLE STATEMENT
Title Where will all the waste go?
260 ## - PUBLICATION, DISTRIBUTION, ETC.
Date of publication, distribution, etc. 2004
490 ## - SERIES STATEMENT
Series statement Planning (for the Natural and Built Environment)
Volume/sequential designation (1563) 2 April 2004, 9(1)
520 ## - SUMMARY, ETC.
Summary, etc. Reviews a recent report "Can the waste planning system deliver?" (J125595) commissioned by RICS and the South East England Regional Assembly which examines whether the planning system is capable of delivering the required waste management structure in England and Wales. The findings show that at present the planning system is not providing enough new capacity to cope with projected increases in waste generation. Table shows number of waste facilities and area required by 2015 in Berkshire, Kent, Buckinghamshire, Milton Keynes, Hampshire, Isle of Wight, East Sussex, Oxfordshire, Surrey, and West Sussex.
590 ## - LOCAL NOTE (RLIN)
Local note ABS
590 ## - LOCAL NOTE (RLIN)
Local note ABS
650 ## - SUBJECT ADDED ENTRY--TOPICAL TERM
Topical term or geographic name entry element WASTE PLANNING
650 ## - SUBJECT ADDED ENTRY--TOPICAL TERM
Topical term or geographic name entry element PLANNING SYSTEM
650 ## - SUBJECT ADDED ENTRY--TOPICAL TERM
Topical term or geographic name entry element DEVELOPMENT CONTROL
650 ## - SUBJECT ADDED ENTRY--TOPICAL TERM
Topical term or geographic name entry element LANDFILL
690 ## - LOCAL SUBJECT ADDED ENTRY--TOPICAL TERM (OCLC, RLIN)
Topical term or geographic name as entry element WASTE MANAGEMENT
856 ## - ELECTRONIC LOCATION AND ACCESS
Uniform Resource Identifier <a href="https://www.rics.org/RICSWEB/getpage.aspx?p=SNMRYXDANEOhTuVQa8BO0A">https://www.rics.org/RICSWEB/getpage.aspx?p=SNMRYXDANEOhTuVQa8BO0A</a>
Public note View the "can the waste planning system deliver"
942 ## - ADDED ENTRY ELEMENTS (KOHA)
Suppress in OPAC 0
Holdings
Withdrawn status Lost status Source of classification or shelving scheme Damaged status Not for loan Home library Current library Shelving location Date acquired Total Checkouts Full call number Barcode Date last seen Copy number Price effective from Koha item type
    Dewey Decimal Classification     London London Journal article 26/04/2004   ABS67781 126005-1001 06/08/2019 1 06/08/2019 Journal article